[Event "GER-chT Lands U20"]
[Site "Hannover"]
[Date "2023.10.03"]
[Round "5"]
[White "Sidletskyi, Ivan"]
[Black "Pikalow, Michael"]
[Result "1-0"]
[WhiteElo "2354"]
[BlackElo "2035"]
[PlyCount "49"]
[EventDate "2023.10.01"]
[EventType "team-swiss"]
[EventRounds "7"]
[EventCountry "GER"]
[SourceTitle "EXT 2024"]
[Source "ChessBase"]
[SourceDate "2023.10.10"]
[SourceVersion "1"]
[SourceVersionDate "2023.10.10"]
[SourceQuality "1"]

1. e4 c5 2. Nf3 a6 3. c4 b6 4. Nc3 Bb7 5. d4 cxd4 6. Nxd4 d6 7. Be3 Nf6 8. f3 e6 9. Qa4+ Nbd7 10. Be2 Qc7 11. g4 h6 12. 0-0-0 Be7 13. h4 0-0-0 14. g5 Nh5 15. Rhg1 hxg5 16. hxg5 g6 17. Kb1 Kb8 18. b4 d5 19. exd5 Qe5 20. Nc6+ Bxc6 21. dxc6 Qxc3 22. Qxa6 Qxb4+ 23. Kc2 Nc5 24. Bxc5 bxc5 25. Rb1 1-0

[Event "GER-chT Lands U20"]
[Site "Hannover"]
[Date "2023.10.01"]
[Round "1"]
[White "Pikalow, Michael"]
[Black "Lesny, Florian"]
[Result "1/2-1/2"]
[WhiteElo "2035"]
[BlackElo "2232"]
[PlyCount "126"]
[EventDate "2023.10.01"]
[EventType "team-swiss"]
[EventRounds "7"]
[EventCountry "GER"]
[SourceTitle "EXT 2024"]
[Source "ChessBase"]
[SourceDate "2023.10.10"]
[SourceVersion "1"]
[SourceVersionDate "2023.10.10"]
[SourceQuality "1"]

1. e4 c5 2. Nc3 d6 3. Nf3 Nf6 4. d4 cxd4 5. Nxd4 a6 6. Be3 e5 7. Nb3 Be6 8. f3 Be7 9. Qd2 0-0 10. 0-0-0 Nbd7 11. g4 b5 12. g5 Nh5 13. Nd5 Bxd5 14. exd5 f6 15. gxf6 Bxf6 16. Kb1 Qe8 17. Rg1 Bd8 18. Bh3 Nf4 19. Be6+ Kh8 20. Bxf4 Rxf4 21. Rg4 Rxg4 22. Bxg4 Nf6 23. Be6 Nh5 24. Qb4 Qe7 25. Na5 Bxa5 26. Qxa5 Nf4 27. Bg4 Qd8 28. Qb4 Qc7 29. Be6 Rb8 30. Qe4 g6 31. Rc1 Qc4 32. Qxc4 bxc4 33. Rd1 Rb5 34. c3 Kg7 35. Bc8 Nxd5 36. Kc1 Ra5 37. Bxa6 Nxc3 38. Rxd6 Nxa2+ 39. Kd2 Rc5 40. Rb6 c3+ 41. bxc3 Nxc3 42. Bd3 Nd5 43. Ra6 Nf4 44. Be4 h5 45. h4 Rc7 46. Ra5 Re7 47. Ra6 Re6 48. Ra7+ Kh6 49. Bc2 Ng2 50. Ra4 Rf6 51. Ke2 Rf4 52. Ra5 Nxh4 53. Be4 Rf6 54. Rxe5 Ng2 55. Kf2 Nf4 56. Kg3 Ne6 57. Ra5 Ng5 58. Ba8 Rb6 59. Bd5 Rb4 60. f4 Nh7 61. Ra6 Rb5 62. Be4 Nf8 63. f5 Re5 1/2-1/2

[Event "Sachsen-Anhalt-ch Masters"]
[Site "Magdeburg"]
[Date "2022.11.01"]
[Round "7"]
[White "Pikalow, Michael"]
[Black "Malek, Daniel"]
[Result "0-1"]
[WhiteElo "1833"]
[BlackElo "2365"]
[PlyCount "72"]
[EventDate "2022.10.29"]
[EventType "swiss"]
[EventRounds "7"]
[EventCountry "GER"]
[SourceTitle "CBM 211 Extra"]
[Source "ChessBase"]
[SourceDate "2023.01.31"]
[SourceVersion "1"]
[SourceVersionDate "2023.01.31"]
[SourceQuality "1"]

1. e4 c6 2. d4 d5 3. e5 Bf5 4. Nf3 e6 5. Be2 Ne7 6. 0-0 h6 7. Be3 Nd7 8. a4 Bh7 9. Nbd2 Nf5 10. Nb3 Rc8 11. a5 c5 12. c4 cxd4 13. Nbxd4 Nxe3 14. fxe3 dxc4 15. Qa4 Bc5 16. Rfd1 Qe7 17. a6 bxa6 18. Nc6 Bxe3+ 19. Kh1 Qc5 20. Nb8 Rxb8 21. Qxd7+ Kf8 22. Rxa6 Qe7 23. Qa4 g5 24. Rd7 Qb4 25. Qd1 Bg6 26. Qf1 Qxb2 27. Rxe6 fxe6 28. Nxg5+ Bf5 29. Nxe6+ Ke8 30. Ng7+ Kxd7 31. Qxf5+ Kc7 32. Qf6 Qxe2 33. Qd6+ Kb7 34. Qd5+ Kb6 35. Qd6+ Kb5 36. Qd7+ Kb4 0-1

[Event "Sachsen-Anhalt-ch Masters"]
[Site "Magdeburg"]
[Date "2022.10.29"]
[Round "1"]
[White "Pikalow, Michael"]
[Black "Hansch, Karsten"]
[Result "1-0"]
[WhiteElo "1833"]
[BlackElo "2320"]
[PlyCount "65"]
[EventDate "2022.10.29"]
[EventType "swiss"]
[EventRounds "7"]
[EventCountry "GER"]
[SourceTitle "CBM 211 Extra"]
[Source "ChessBase"]
[SourceDate "2023.01.31"]
[SourceVersion "1"]
[SourceVersionDate "2023.01.31"]
[SourceQuality "1"]

1. e4 e5 2. Nf3 Nc6 3. d4 exd4 4. Nxd4 Nf6 5. Nxc6 bxc6 6. e5 Qe7 7. Qe2 Nd5 8. c4 Ba6 9. Nd2 g6 10. Ne4 Bg7 11. Bg5 Qb4+ 12. Qd2 Qxd2+ 13. Kxd2 Nb6 14. Nf6+ Bxf6 15. Bxf6 0-0 16. c5 Bxf1 17. cxb6 Bxg2 18. Rhg1 Bd5 19. bxc7 Rfc8 20. Bd8 Rxd8 21. cxd8Q+ Rxd8 22. Rg4 Rb8 23. Kc3 Kf8 24. Ra4 Rb7 25. Rd1 Ke7 26. Rdd4 Ke6 27. Rdb4 Rc7 28. f4 h6 29. Ra5 g5 30. Rba4 c5 31. Rxa7 Rxa7 32. Rxa7 gxf4 33. a4 1-0

[Event "GER-ch U14"]
[Site "Willingen"]
[Date "2020.10.21"]
[Round "3"]
[White "Pikalow, Michael"]
[Black "Laux, Dominik"]
[Result "1/2-1/2"]
[WhiteElo "2021"]
[BlackElo "2009"]
[PlyCount "92"]
[EventDate "2020.10.19"]
[EventType "swiss"]
[EventRounds "7"]
[EventCountry "GER"]
[SourceTitle "EXT 2022"]
[Source "ChessBase"]
[SourceDate "2021.10.06"]
[SourceVersion "1"]
[SourceVersionDate "2021.10.06"]
[SourceQuality "1"]

1. e4 c6 2. d4 d5 3. e5 Bf5 4. Nf3 e6 5. Be2 Nd7 6. 0-0 Ne7 7. Be3 h6 8. Nbd2 g5 9. Nb3 Bg7 10. a4 a5 11. Ne1 Bg6 12. Nd3 Nf5 13. Nbc5 Nxc5 14. Nxc5 b6 15. Nd3 0-0 16. Qd2 c5 17. c3 c4 18. Nc1 f6 19. exf6 Rxf6 20. f4 Nd6 21. fxg5 Rxf1+ 22. Bxf1 Ne4 23. Qd1 hxg5 24. Be2 Qf6 25. Bf3 Rf8 26. Ne2 Bf5 27. Bxe4 Bxe4 28. Ng3 Bd3 29. Qg4 Bh6 30. h4 Qg6 31. hxg5 Bg7 32. Re1 Qf7 33. Nh5 Bf5 34. Qh4 Bd3 35. Nf6+ Bxf6 36. gxf6 Qxf6 37. Bg5 Qg6 38. Re3 Rf1+ 39. Kh2 Rf5 40. Rg3 Kf7 41. Bd8 Rh5 42. Rxg6 Rxh4+ 43. Bxh4 Bxg6 44. Bd8 Bc2 45. Kg3 Bxa4 46. Bxb6 Bc2 1/2-1/2

[Event "GER-chT Lands U20"]
[Site "Berlin"]
[Date "2020.09.30"]
[Round "1.4"]
[White "Deuer, Marius"]
[Black "Pikalow, Michael"]
[Result "1-0"]
[WhiteElo "2161"]
[BlackElo "2021"]
[PlyCount "36"]
[EventDate "2020.09.29"]
[EventType "team-swiss"]
[EventRounds "7"]
[EventCountry "GER"]
[SourceTitle "CBM 198 Extra"]
[Source "ChessBase"]
[SourceDate "2020.11.30"]
[SourceVersion "1"]
[SourceVersionDate "2020.11.30"]
[SourceQuality "1"]
[WhiteTeam "Wuerttemberg U20"]
[BlackTeam "Sachsen Anhalt U20"]
[WhiteTeamCountry "GER"]
[BlackTeamCountry "GER"]

1. e4 e5 2. Nc3 Nf6 3. g3 d5 4. exd5 Nxd5 5. Bg2 Nb6 6. Nf3 Nc6 7. 0-0 Be7 8. Rb1 a5 9. d3 Be6 10. Be3 Nd5 11. d4 0-0 12. dxe5 Nxe3 13. fxe3 Bc5 14. Kf2 Qe7 15. Qc1 f6 16. exf6 Bxe3+ 17. Kxe3 Qc5+ 18. Kd2 Nb4 1-0

[Event "GER Pfingstopen U16"]
[Site "Playchess.com INT"]
[Date "2020.06.05"]
[Round "4"]
[White "Pikalow, Michael"]
[Black "Fromm, Marius"]
[Result "0-1"]
[WhiteElo "1620"]
[BlackElo "2009"]
[PlyCount "110"]
[EventDate "2020.06.05"]
[EventType "swiss (blitz)"]
[EventRounds "11"]
[EventCountry "GER"]
[SourceTitle "CBM 197 Extra"]
[Source "ChessBase"]
[SourceDate "2020.09.30"]
[SourceVersion "1"]
[SourceVersionDate "2020.09.30"]
[SourceQuality "1"]

1. e4 e5 2. Nf3 Nc6 3. Bb5 a6 4. Ba4 Nf6 5. 0-0 Be7 6. Re1 b5 7. Bb3 0-0 8. a4 b4 9. c3 d6 10. d3 Rb8 11. Nbd2 Na5 12. Ba2 c5 13. Nc4 h6 14. h3 Nxc4 15. Bxc4 Qc7 16. Ba2 a5 17. d4 c4 18. Qe2 b3 19. Bb1 Kh7 20. dxe5 dxe5 21. Nxe5 Qxe5 22. f4 Bc5+ 23. Kh1 Qe7 24. e5+ Kg8 25. exf6 Qxf6 26. Qe4 g6 27. Qd5 Bb6 28. f5 g5 29. Qxc4 Bb7 30. Qg4 Rfe8 31. Rf1 Bd5 32. h4 Kh7 33. hxg5 hxg5 34. Bxg5 Qe5 35. f6+ Be4 36. Qh5+ Kg8 37. Qh6 Bxg2+ 38. Kxg2 Qe2+ 39. Kg3 Bc7+ 40. Kh4 Qh2+ 41. Kg4 Qg3+ 42. Kh5 Qh3+ 43. Bh4 Re5+ 44. Bf5 Rxf5+ 45. Rxf5 Qxf5+ 46. Bg5 Qh3+ 47. Bh4 Qf3+ 48. Kg5 Bf4+ 49. Kf5 Bxh6+ 50. Ke5 Qf4+ 51. Kd5 Qxh4 52. Rg1+ Kf8 53. Kd6 Qxf6+ 54. Kc7 Bf4+ 55. Kd7 Rd8# 0-1

[Event "GER Pfingstopen U16"]
[Site "Playchess.com INT"]
[Date "2020.06.05"]
[Round "6"]
[White "Pikalow, Michael"]
[Black "Ochs, Daniel Elias"]
[Result "0-1"]
[WhiteElo "1620"]
[BlackElo "1830"]
[PlyCount "82"]
[EventDate "2020.06.05"]
[EventType "swiss (blitz)"]
[EventRounds "11"]
[EventCountry "GER"]
[SourceTitle "CBM 197 Extra"]
[Source "ChessBase"]
[SourceDate "2020.09.30"]
[SourceVersion "1"]
[SourceVersionDate "2020.09.30"]
[SourceQuality "1"]

1. e4 c5 2. Nc3 e6 3. Nf3 a6 4. d4 cxd4 5. Nxd4 Qc7 6. g3 Bb4 7. Qd3 Nf6 8. Bg2 d6 9. Bg5 Nbd7 10. 0-0 0-0 11. a3 Bxc3 12. bxc3 h6 13. Bd2 Ne5 14. Qe2 Nc4 15. f4 Nxd2 16. Qxd2 Nd7 17. Rad1 Nc5 18. g4 e5 19. Nf5 Bxf5 20. exf5 Rad8 21. g5 hxg5 22. fxg5 d5 23. Qf2 Ne4 24. Bxe4 dxe4 25. f6 Rxd1 26. Rxd1 Qxc3 27. fxg7 Kxg7 28. Qf6+ Kg8 29. Rd7 Qe3+ 30. Kf1 Qf3+ 31. Qxf3 exf3 32. Rxb7 Re8 33. Rb6 e4 34. Rb3 e3 35. h4 e2+ 36. Ke1 f2+ 37. Kxf2 e1Q+ 38. Kf3 Qe2+ 39. Kf4 Re4+ 40. Kf5 Qg4+ 41. Kf6 Re6# 0-1

[Event "GER-ch U12"]
[Site "Willingen"]
[Date "2018.05.25"]
[Round "10"]
[White "Pikalow, Michael"]
[Black "Ljuca, Semir"]
[Result "1-0"]
[WhiteElo "1637"]
[BlackElo "1367"]
[PlyCount "80"]
[EventDate "2018.05.19"]
[EventType "swiss"]
[EventRounds "11"]
[EventCountry "GER"]
[SourceTitle "CBM 184 Extra"]
[Source "ChessBase"]
[SourceDate "2018.06.28"]
[SourceVersion "1"]
[SourceVersionDate "2018.06.28"]
[SourceQuality "1"]

1. e4 c5 2. Nf3 d6 3. d4 cxd4 4. Nxd4 Nf6 5. Nc3 e6 6. Bg5 Be7 7. Qd2 0-0 8. 0-0-0 d5 9. Bxf6 Bxf6 10. exd5 exd5 11. Nf3 Bxc3 12. Qxc3 Nc6 13. Kb1 Re8 14. Bb5 Re6 15. Qb3 Rd6 16. Nd4 a6 17. Be2 Nxd4 18. Rxd4 b5 19. Rhd1 Bb7 20. Bf3 Qd7 21. Bxd5 Kh8 22. c3 Qf5+ 23. Qc2 Qxc2+ 24. Kxc2 Bxd5 25. Rxd5 Rxd5 26. Rxd5 g6 27. Rd6 Re8 28. Kd2 Re6 29. Rxe6 fxe6 30. Ke3 Kg7 31. Ke4 Kf6 32. b3 h5 33. h4 a5 34. c4 a4 35. cxb5 axb3 36. axb3 Ke7 37. Ke5 Kd7 38. b6 Kc6 39. Kxe6 Kxb6 40. g4 hxg4 1-0